000 00361nam a22001457a 4500
003 MACL
005 20191126164225.0
008 191126b xxu||||| |||| 00| 0 eng d
040 _c MACL
100 _aLal, B B
_965873
245 _aTesting Ancient Indian Tradition
260 _aDelhi
_bAryan Books
_c2017
650 _aArchaeology
_932940
942 _2ddc
_cBK
999 _c61417
_d61417